00000000nam##2200000za#4500
0019.624746
003CaOODSP
00520220107134005
007ta
008150406|1998||||xxc|||||     f|0| 0 fre|d
020 |a0-662-82958-1
040 |aCaOODSP|bfre
043 |an-cn---
0861 |aH72-22/6-1998F
1102 |aCentre national d'information sur la violence dans la famille (Canada)
24510|aMauvais traitements et négligence à l'égard des aînés / |cPréparé par Susan M. Swanson.
260 |aOttawa - Ontario : |bSanté Canada. |c1998.
300 |a11p. : |bréférences ; |c28 cm.
4901 |aRenseignements du Centre national d'information sur la violence dans la famille
500 |a«Cette mise à jour du feuillet de renseignements Les mauvais traitements à l'égard des personnes âgées, paru en 1990, fait état des nouvelles connaissances au chapitre des mauvais et de la négligence à l'égard des aînés vivant dans la communauté.»--Page 1.
590 |a99-34|b1999-08-27
69107|aViolence faite aux personnes âgées|2gcpds
7201 |aSwanson, Susan M.
7760#|tMauvais traitements et négligence à l'égard des aînés |w(CaOODSP)9.603148
830#0|aRenseignements du Centre national d'information sur la violence dans la famille.|w(CaOODSP)9.513100